|
|
|
|
| LEADER |
00837cam a2200253 7i4500 |
| 001 |
0000036348 |
| 005 |
20200527090000.0 |
| 007 |
##ta |
| 008 |
200519s2019 my eng |
| 020 |
# |
# |
|a 9782970108542
|
| 040 |
# |
# |
|a MATR
|
| 090 |
0 |
0 |
|a I 339.19
|b INT
|
| 110 |
2 |
# |
|a Institute for Management Development (IMD)
|
| 245 |
2 |
0 |
|a IMD World Competitiveness Yeabook 2019.
|
| 264 |
# |
4 |
|a ♭.
|
| 264 |
# |
1 |
|a Lausanne:
|b IMD, Institute for Management Development,
|c 2019.
|
| 300 |
# |
# |
|a 553 pages:
|b illustrations;
|c 30 cm.
|
| 336 |
# |
# |
|a text
|2 rdacontent
|
| 337 |
# |
# |
|a unmediated
|2 rdamedia
|
| 338 |
# |
# |
|a volume
|2 rdacarrier
|
| 504 |
# |
# |
|a Includes bibliographical references and index
|
| 650 |
# |
0 |
|a International trade --
|x Statistics
|
| 650 |
# |
0 |
|a Competition, International --
|x Statistics
|
| 999 |
|
|
|a 0000040994
|b Book
|c International
|e Business Information Centre
|